Vidas de los doce césares : [tomo] I /

Biografías de los gobernantes de Roma que incluye a los emperadores romanos Cayo Julio César, Octavio Augusto, Tiberio Nerón, Cayo Calígula, Tiberio Claudio Druso, Nerón Claudio, Servio Sulpicio Galba, Marco Salvio Otón, Vitelio, Tito Flavio Vespasiano, Tito Flavio y Tito Flavio Domiciano. Mismas qu...

Fuld beskrivelse

Guardado en:
Bibliografiske detaljer
Hovedforfatter: Suetonio Tranquilo, Cayo (autor)
Format: Bog
Sprog:spansk
Udgivet: Madrid, España : Gredos, 2002, c1992
Serier:(Biblioteca Clásica Gredos ; 167)
Fag:
Tags: Tilføj Tag
Ingen Tags, Vær først til at tagge denne postø!

MARC

LEADER 00000nam^a2200000^a^4500
001 000288004
005 20250521000000.0
009 20260310111855.371
020 |a 84-249-1492-9 
025 |a Donación sin dato, 1 ejemplar 
037 |a Acervo ITESO - Biblioteca 
041 |a ESP 
082 |a 880.  |b BIB V. 167 
100 |a Suetonio Tranquilo, Cayo  |e (autor) 
240 1 1 |a [Vida de los césares] 
245 1 0 |a Vidas de los doce césares :  |b [tomo] I /  |c C. Suetonio Tranquilo ; introd. de Antonio Ramírez de Verger ; tr. por Rosa María Agudo Cubas. 
264 4 |a Madrid, España :  |b Gredos,  |c 2002, c1992 
300 |a 394 p. 
336 |a texto  |b txt  |2 rdacontenido 
337 |a sin mediación  |b n  |2 rdamedio 
338 |a volumen  |b nc  |2 rdasoporte 
440 1 |a (Biblioteca Clásica Gredos ;  |v 167) 
500 |a Traducción de: De vitas Caesarum 
520 |a Biografías de los gobernantes de Roma que incluye a los emperadores romanos Cayo Julio César, Octavio Augusto, Tiberio Nerón, Cayo Calígula, Tiberio Claudio Druso, Nerón Claudio, Servio Sulpicio Galba, Marco Salvio Otón, Vitelio, Tito Flavio Vespasiano, Tito Flavio y Tito Flavio Domiciano. Mismas que fueron escritas por el historiador y biógrafo romano Cayo Suetonio Tranquilo -Gaius Suetonius Tranquillus- que nació probablemente alrededor del año 69 d.C., fecha en la que se suicidó el último emperador de la familia original de los Césares y murió cerca del año 140 d.C. Vivió en la época de Trajano que gobernó de 98 a 117 d.C. y su obra fue amplia aunque sólo se conservan las Vidas de los doce Césares y Gramáticos y rétores. 
649 |a XX 
650 |a Emperadores Romanos -  |x Biografías -  |x Tema Principal 
650 |a Roma -  |x Historia -  |y Alto Imperio, 31 a.C.-284 d.C. -  |x Tema Principal 
650 |a Roma -  |x Historia 
650 |a Literatura Latina 
650 |a Literatura Clásica 
910 |a Fondo General 
920 |a Impresos - Libros 
930 |a Colección General 
940 |a Literatura 
905 |a 101 
901 |a 0500174969  |b IT1  |c LIT  |i 000054  |u 20250521 
902 |a https://opac.biblio.iteso.mx/vufind/Record/000288004